Ils ont été ou sont chef d'état à vie - Statistiques

Statistiques générales
  • Ce quiz a été pris 49 fois
  • Le résultat moyen est 16 sur 89
Statistiques - réponses
Hint Réponse % Correct
Allemagne 1934-1945 Adolf {Hitler}
100%
Italie 1943-1945 Benito {Mussolini}
74%
Irak 1979-2003 Saddam {Hussein}
74%
France 1802-1804 Napoléon {Bonaparte}
72%
Espagne 1936-1975 Francisco {Franco}
70%
Chine 1949-1976 Mao {Zedong}
67%
Russie 1924-1953 Joseph {Staline}
65%
Corée-du-Nord Depuis 2011 Kim {Jong-un}
63%
Russie 1985-1991 Mikhaïl {Gorbatchev}
63%
Corée-du-Nord 1994-2011 Kim {Jong-Il}
61%
Russie 1917-1924 Vladimir Illitch {Lenine}
59%
Chine Depuis 2013 Xi {Jinping}
59%
Libye 1969-2011 Mouammar {Kadhafi}
57%
Haïti 1816-1818 Alexandre {Pétion}
54%
France 1940-1944 Philippe {Pétain}
54%
Bolivie 1825 Simon {Bolivar}
54%
Pérou 1824-182 Simon {Bolivar}
54%
Yougoslavie 1953-1980 Josip Broz {Tito}
48%
Russie 1964-1982 Leonid {Brejnev}
39%
Russie 1953-1964 Nikita {Khrouchtchev}
39%
Corée-du-Nord 1948-1994 Kim {Il-Sung}
35%
Royaume-Uni 1653-1658 Oliver {Cromwell}
30%
Royaume-Uni 1658-1659 Richard {Cromwell}
30%
Ouganda 1971-1979 Idi Amin {Dada}
28%
Centrafrique 1972-1976 Jean-Bedel {Bokassa}
28%
Russie 1982-1984 Iouri {Andropov}
26%
Tunisie 1975-1987 Habib {Bourguiba}
22%
Roumanie 1967-1989 Nicolae {Ceausescu}
17%
Haïti 1964-1971 François {Duvalier}
15%
Haïti 1971-1986 Jean-Claude {Duvalier}
15%
Russie 1984-1985 Konstantin {Tchernenko}
13%
RD Congo 1965-1997 {Mobutu} Sese Seko
13%
Mexique 1876-1911 Porfirio {Dia}
11%
Indonésie 1945-1967 {Soekarno}
11%
Paraguay 1844-1862 Carlos Antonio {Lopez}
7%
Paraguay 1862-1870 Francisco Solano {Lopez}
7%
Indonésie 1967-1998 {Soeharto}
7%
Bolivie 1825-1828 Antonio José de {Sucre}
4%
Brésil 1967-1969 Arthur {da Costa e Silva}
4%
Paraguay 1954-1989 Alfredo {Stroessner}
2%
Brésil 1937-1945 Getulio {Vargas}
2%
Russie 1953 Gueorgui {Malenkov}
2%
Bolivie 1971-1978 Hugo {Banzer Suarez}
2%
Haïti 1804 Jean-Jacques {Dessalines}
2%
Allemagne 1945 Karl {Donitz}
2%
Ghana 1964-1966 Kwame {Nkrumah}
2%
République dominicaine 1930-1961 Rafaël {Trujillo}
2%
République dominicaine 1961 Ramfis {Trujillo}
2%
Pérou 1839-1841 Agustin {Gamarra}
0%
Mexique 1830-1832 1837-1839 1839-1841 Anastasio {Bustamante}
0%
Centrafrique 1986-1993 André {Kolingba}
0%
Bolivie 1829-1839 Andrès de {Santa Cruz}
0%
Pérou 1827 1836-1839 Andrès de {Santa Cruz}
0%
Mexique 1833-1835 1839 1841-1844 1846-1847 1853-1855 Antonio {Lopez de Santa Anna}
0%
Haïti 1843-1844 Charles {Rivière Hérard}
0%
Equateur 1850-1851 Diego {Noboa}
0%
République dominicaine 1895-1911 Eloy {Alfaro}
0%
Haïti 1859-1867 Fabre {Geffrard}
0%
Haïti 1847-1849 Faustin {Soulouque}
0%
Pérou 1834-1836 Felipe Santiago {Salaverry}
0%
Guinée équatoriale 1972-1979 Francisco Macias {Nguema}
0%
République dominicaine 1859-1875 Gabriel {Garcia Moreno}
0%
Bolivie 1937-1939 German {Busch}
0%
Bolivie 1943-1946 Gualberto {Villarroel}
0%
Malawi 1966-1994 Hastings {Banda}
0%
Haïti 1807-1811 Henri {Christophe}
0%
Brésil 1964-1967 Humberto de {Alencar Castelo Branco}
0%
Haïti 1846-1847 Jean-Baptiste {Riché}
0%
Haïti 1845-1846 Jean-Louis {Pierrot}
0%
Haïti 1818-1843 Jean-Pierre {Boyer}
0%
Bolivie 1855-1857 Jorge {Cordova}
0%
Paraguay 1814-1840 José Gaspar {Rodriguez de Francia}
0%
Argentine 1829-1852 Juan Manuel de {Rosas}
0%
Pérou 1968-1975 Juan {Valesco Alvarado}
0%
France 1875-1885 Justo Rufino {Barrios}
0%
Pérou 1930-1933 Luis Miguel {Sanchez Cerro}
0%
Pérou 1948-1956 Manuel Arturo {Odria}
0%
Bolivie 1848-1855 Manuel Isidoro {Belzu}
0%
France 1898-1920 Manuel José {Estrada Cabrera}
0%
Pérou 1865-1867 1876-1879 Mariano Ignacio {Prado}
0%
Bolivie 1864-1871 Mariano {Melgarejo}
0%
Pérou 1883-1885 Miguel {Iglesias}
0%
Pérou 1963 Nicolas {Lindley}
0%
Pérou 1933-1939 Oscar Raimundino {Benavides}
0%
Haïti 1844-1845 Philippe {Guerrier}
0%
Haïti 1902-1908 Pierre {Nord Alexis}
0%
Guatemala 1851-1865 Rafael {Carrera}
0%
Pérou 1845-1862 Ramon {Castilla}
0%
Pérou 1962-1963 Ricardo {Perez Godoy}
0%
Aucun quiz correspondant
Distribution des résultats
% des personnes avec chaque résultat
Percentile par nombre de réponses
Votre historique - résultats
Vous n’avez pas pris ce quiz